000 00382nam a22001217a 4500
999 _c10309
_d10309
003 OSt
008 201218b ||||| |||| 00| 0 eng d
245 _aInternational Advanced Mechatronics and Robotice
250 _a2010(Jan-Jun Vol.2 No.1, Jul-Dec Vol.2 No.2)
260 _aGurgaon, Haryana
_bInternational Science Press
650 _aComputer Science Engineering
942 _2ddc
_cBV